| 000 | 005890000a22001930004500 | ||
|---|---|---|---|
| 003 | LK-CoMWRAF | ||
| 005 | 20230924180312.0 | ||
| 008 | 230817t ||||| |||| 00| 0 eng d | ||
| 020 | _a9830651576 | ||
| 040 |
_aLK-CoMWRAF _dLK-CoMWRAF _eLK-CoMWRAF |
||
| 041 | _aeng | ||
| 082 |
_a151.3 _bBAH |
||
| 100 | _aBah, Alpha Mahmoud | ||
| 245 |
_aLearn to read the Holy Qur'an in 7 Days : _bwith Tajwid, illustrations, and exercises : _cA Special course for busy people |
||
| 260 |
_aKuala Lumpur : _bA.S.Noordeen, _c2003 |
||
| 300 | _a180p | ||
| 650 | _aIslam-Holy Qur'an | ||
| 942 | _cBK | ||
| 999 |
_c1508 _d1508 |
||